| 000 | 00672nam a2200193Ia 4500 | ||
|---|---|---|---|
| 003 | GCL | ||
| 008 | 140319s9999 xx 000 0 ara d | ||
| 020 | _a8665904977 | ||
| 040 |
_aGCL / _cGCL |
||
| 082 | 0 | 4 |
_a759 _bم أ |
| 100 | 1 | _aمحمود محمد على محمد | |
| 245 | 1 | 0 |
_aالاتجاه التجريبي عند ليوناردو دافينشى / _cمحمود محمد على محمد |
| 260 |
_aالقاهرة : _bدار الوفاء لدنيا الطباعة والنشر ، _c1999 |
||
| 300 |
_a238 ؛ _c24 سم |
||
| 650 | 0 | 4 | _aالرسامون |
| 650 | 0 | 4 | _aليوناردو دافينشى |
| 650 | 0 | 4 | _aالرسامون - تراجم |
| 942 |
_2ddc _cBK |
||
| 999 |
_c6038 _d6038 |
||